000 00729nas a2200277 4500
001 BR9212575
003 BR-BrBNA
005 20231205094807.0
007 ta
008 230509b bl.|||p| |||| 00| 00por d
040 _aBR-BrBNA
_bpor
_cBiblioteca Nacional de Agricultura
041 _a(Pt)
072 _aH20
100 1 _aAnon.
245 1 _aBatatas: como combater a sarna
650 _aBatata
650 _aSarna de Planta
650 _aFungo
650 _aRotacao de Cultura
650 _aSolo
650 _aManejo de Agua
650 _aPratico
773 0 _tBalde Branco (Brazil)
_xISSN 0005-4275
_g(May 1992), v. 28(331) p. 34
_wBR9212575
909 _a202311
_bLúcia
_c55
_dLúcia Elande
942 _2AGRIS
_n0
_cANA
999 _c146877
_d146877